000 01156cam a22003374a 4500
001 15410069
003 OSt
005 20140310182431.0
008 080811s2010 paua 001 0 eng
010 _a 2008035490
020 _a9781582557113
040 _aDNLM/DLC
_cDLC
_dDLC
042 _apcc
050 0 0 _aRS 97
_b.C737 2010
060 1 0 _aQV 18.2
_bC737 2009
082 0 0 _a615/.1076
245 0 0 _aComprehensive pharmacy review /
_ceditors, Leon Shargel ... [et al.].
250 _a7th ed.
260 _aBaltimore :
_bLippincott Williams & Wilkins,
_cc2010.
300 _axxiv, 1460 p. :
_bill. ;
_c26 cm.
500 _aIncludes index.
541 _j1
562 _e1
650 0 _aPharmacy
_vExaminations, questions, etc.
_97815
650 1 2 _aPharmacy
_vExamination Questions.
_97816
700 1 _aShargel, Leon,
_d1941-
_97817
856 4 1 _3Table of contents only
_uhttp://www.loc.gov/catdir/toc/ecip0825/2008035490.html
906 _a7
_bcbc
_corignew
_d1
_eecip
_f20
_gy-gencatlg
942 _2lcc
_cSSLC
999 _c13366
_d13366